000 00680nam a2200217Ia 4500
999 _c35267
_d35267
003 GCL
005 20240530102913.0
008 140319s9999 xx 000 0 ara d
040 _aGCL /
_cGCL
082 0 4 _a792.9
_bف م
100 1 _aفوزية على السيد ( مترجم )
245 1 0 _aمسرحيات فولكر براون /
_cفوزية على السيد ( مترجم )
260 _a[S.N] :
_bوزارة الثقافة ،
_c1994
300 _a142 ص
650 0 4 _aالمسرح
650 0 4 _aالمسرحيات
650 0 4 _aالمسرح التجريبى
650 0 4 _aالمسرحيات التجريبية
650 0 4 _aتاريخ ونقد
942 _2ddc
_cBK